Mecánica de fluidos : fundamentos y aplicaciones

Bibliographic Details
Main Authors: Cengel, Yunus A., Cimbala, John
Format: Section = Libro
Language:Undetermined
Spanish
Published: México McGraw-Hill 2012
Edition:2a.ed
Subjects:
LEADER 00643nam a2200241Ia 4500
008 240830s9999 xx 000 0 und d
020 |a 978-607-15-0779-2 
040 |a CEDOC FIQ-RUSB / 532 C395 
041 |a spa 
082 |a 532 C395 
100 1 |a Cengel, Yunus A. 
100 1 |b Cimbala, John 
245 1 0 |a Mecánica de fluidos : fundamentos y aplicaciones 
250 |a 2a.ed 
260 |a México  |b McGraw-Hill  |c 2012 
300 |a XXI, 978 p. : il. 
650 7 |a MECANICA DE FLUIDOS 
650 7 |b  ESTATICA DE FLUIDOS 
650 7 |c  CINEMATICA DE FLUIDOS 
650 7 |d  TURBOMAQUINARIA 
942 |c BK  |2 ddc 
991 |a TEXTO 
999 |c 13564